Oil wealth and the fate of the forest : a comparative study of eight tropical countries

Bibliographic Details
Main Author: WUNDER
Format: Book
Published: New York : Routledge , 2003
Series:Routledge explorations in environmental economics; 2
Subjects:

MARC

LEADER 00000cam a2200000 7i4500
001 0000002966
005 20040325.0
020 0 0 |a 0415278678 
090 0 0 |a 333.750913   |b WUN 2003 
100 1 0 |a WUNDER   |h Sven 
245 1 0 |a Oil wealth and the fate of the forest :   |b a comparative study of eight tropical countries   |c Sven Wunder 
260 0 0 |a New York :   |b Routledge ,   |c 2003 
300 |a xxi, 432 p. :   |b ill., maps ;   |c 24 cm. 
440 0 0 |a Routledge explorations in environmental economics; 2 
500 0 0 |a Includes bibliography: p. 383-414 and index 
650 0 0 |a Deforestation   |z Tropics 
650 0 0 |a Petroleum industry and trade   |x Environmental aspects 
650 0 0 |a Petroleum reserves 
650 0 0 |a Rain forest ecology 
650 0 0 |a Rain forests   |x Economic aspects 
998 |a JPSM 
999 |a 0000005216   |b Monograph   |c Open Shelf   |e Default branch 
999 |a 0000005966   |b Monograph   |c Open Shelf   |e Default branch